000 00549nam a2200217Ia 4500
008 191130s2008##################000#0#eng##
020 _a9788184481976
040 _aACL
_cACL
082 _a615.221 JIN
100 _aJindal, Sk
245 _aOxygen therapy
_cJindal Ritesh Agarwal
250 _a2nd ed
260 _aNew Delhi
_bJaypee
_c2008
300 _axii,377p.
500 _aIncludes index
650 _aOxygen therapy
700 _aAgarwal, Ritesh
990 _a5a09378bac10000c62eb8e512ef4bade
991 _a54402
999 _c30756
_d30756